00866nam a2200253 a 4500001001000000003000900010005001700019007000300036008004100039020001500080040002500095082003100120100003000151245010000181250001100281260003900292300002700331490003900358504002700397600006900424651005400493700002600547830003900573000007129DO-SdBNP20250909133857.0ta090717s2006 dr a 000 0 spa d a9993485039 aDO-SdBNPbspacBNPHU 4a923.27293bD812c, 20062221 aCassá, Roberto, d1948-10aJuan Pablo Duarte :bel padre de la patria /cRoberto Cassá ; ilustraciones, Ramiro Manzano. a2a ed. aSanto Domingo :bTobogán,c2006. a55 p. :bil. ;c21 cm.1 aBiografías Dominicanas Tobogán aBibliografía : p. 5510aDuarte, Juan Pablo, d1813-1876xCrítica e interpretación  0aRepública Dominicana --xHistoria --y1844-19301 aManzano, Ramiro,eil. 0aBiografías dominicanas Tobogán